00584nam a22001457a 4500003000400000005001700004008004100021040001400062100002200076245015900098260000900257300003100266500010800297504003300405OSt20171010095521.0120816t xxu||||| |||| 00| 0 eng d aMMSUcULS aMariano, Irma M.  aDemographic characteristics, work values, job characteristics and job satisfaction of the faculty of the Mariano Marcos State UniversitycIrma M. Mariano  c1994 axviii, 228 leaves c28 cm. aThesis (Ed.D. Educational Management) -- Mariano Marcos State University-Graduate School, Laoag City  aBibliography: leaves 131-144